Συνοπτική ιστορία της νέας ελληνικής λογοτεχνίας : βιβλιογραφία - επίμετρο

Αποθηκεύτηκε σε:
Λεπτομέρειες βιβλιογραφικής εγγραφής
Κύριος συγγραφέας: Πολίτης, Λίνος, 1906-1982
Μορφή: Βιβλίο
Γλώσσα:Greek
Δημοσίευση: Αθήνα-Γιάννινα : Δωδώνη, 1987
Έκδοση:3η έκδ.
Σειρά:Ποιητική ανθολογία
Θέματα:
Ετικέτες: Προσθήκη ετικέτας
Δεν υπάρχουν, Καταχωρήστε ετικέτα πρώτοι!

MARC

LEADER 00000cam a2200000 i 4500
001 1/13426
008 980316s1987 gr | ||| |||| ||gre||
035 |l 10019036 
040 |a GR-MY-UA  |b gre  |e aacr 
041 0 |a gre 
082 0 |a 889.09 
100 1 |a Πολίτης, Λίνος,   |d 1906-1982. 
245 1 0 |a Συνοπτική ιστορία της νέας ελληνικής λογοτεχνίας :  |b βιβλιογραφία - επίμετρο /  |c Λίνου Πολίτη 
250 |a 3η έκδ. 
260 |a Αθήνα-Γιάννινα :   |b Δωδώνη,   |c 1987  
300 |a 167 σ. 
490 1 |a Ποιητική ανθολογία 
504 |a Περιέχει βιβλιογραφικές παραπομπές και ευρετήριο 
650 0 0 |a Greek literature, Modern  |x History and criticism. 
830 0 |a Ποιητική ανθολογία 
852 |a INST  |b CHIOS  |e 20000802  |h 889.09 ΠΟΛ  |p 005200015748  |q 005200015748  |t BK  |y 0 
852 |a INST  |b LESVOS  |e 19980316  |h 889.09 ΠΟΛ  |p 005100014733  |q 005100014733  |t BK  |y 0 
901 |a BIBL-1998-2 
909 |a Λ  |b 054241 
909 |a Χ  |b 010097 
922 |a 1ΕΛΗ  |b 199802  |c ΚΠΣ/ΤΚΑ  |d EMVASIS 
950 |a 117-1998-01-28